[Event "Lippe Cup 05th"]
[Site "Lieme"]
[Date "2008.09.28"]
[Round "5"]
[White "Bolton, Stephen"]
[Black "Huber, Helmut"]
[Result "1/2-1/2"]
[WhiteElo "1476"]
[BlackElo "1570"]
[PlyCount "86"]
[EventDate "2008.09.26"]
[EventType "swiss"]
[EventRounds "5"]
[EventCountry "GER"]
[SourceTitle "EXT 2012"]
[Source "ChessBase"]
[SourceDate "2011.11.24"]
[SourceVersion "1"]
[SourceVersionDate "2011.11.24"]
[SourceQuality "1"]

1. Nf3 Nf6 2. g3 c6 3. Bg2 d5 4. 0-0 g6 5. d3 Bg7 6. Nbd2 0-0 7. e4 dxe4 8. dxe4 Bg4 9. h3 Bxf3 10. Bxf3 Nbd7 11. c3 Ne5 12. Bg2 Nd3 13. Qc2 Nxc1 14. Raxc1 Qc7 15. Rfe1 Nh5 16. Rcd1 Be5 17. Nf1 Qb6 18. Kh2 Rad8 19. Bf3 Ng7 20. Ne3 Bb8 21. Nc4 Qc7 22. Rxd8 Rxd8 23. Rd1 Rxd1 24. Qxd1 h5 25. h4 b5 26. Ne3 e6 27. a4 Kh7 28. axb5 cxb5 29. Qd3 a6 30. b4 Qe7 31. Nc2 Qxh4+ 32. Kg2 Qe7 33. Nd4 Qc7 34. Nb3 h4 35. Be2 f5 36. Nc5 fxe4 37. Qxe4 Qe5 38. Qxh4+ Kg8 39. Nxa6 Nf5 40. Qd8+ Kh7 41. Qxb8 Qxe2 42. Qc7+ Kh6 43. Qf4+ g5 1/2-1/2

[Event "Lippe Cup 05th"]
[Site "Lieme"]
[Date "2008.09.26"]
[Round "1"]
[White "Bolton, Stephen"]
[Black "Wiesebach, Wolfgang"]
[Result "1/2-1/2"]
[WhiteElo "1476"]
[BlackElo "1747"]
[PlyCount "88"]
[EventDate "2008.09.26"]
[EventType "swiss"]
[EventRounds "5"]
[EventCountry "GER"]
[SourceTitle "EXT 2012"]
[Source "ChessBase"]
[SourceDate "2011.11.24"]
[SourceVersion "1"]
[SourceVersionDate "2011.11.24"]
[SourceQuality "1"]

1. Nf3 d5 2. g3 Nf6 3. Bg2 c6 4. 0-0 Bf5 5. d3 e6 6. Nbd2 Bc5 7. Nb3 Be7 8. Re1 Nbd7 9. c4 h6 10. cxd5 exd5 11. Bf4 0-0 12. Qc2 Bb4 13. Bd2 Bxd2 14. Qxd2 Qb6 15. h3 Rfe8 16. Rac1 a5 17. Qf4 Bh7 18. Qd4 Qd8 19. Nc5 Nxc5 20. Qxc5 Nd7 21. Qc3 Qb6 22. d4 Re7 23. e3 Rae8 24. b3 Nf6 25. Nd2 Qc7 26. b4 axb4 27. Qxb4 Bd3 28. Qb3 Ba6 29. a4 Qd6 30. Qc3 Re6 31. a5 Nh5 32. Kh2 f5 33. Nf3 f4 34. Ne5 fxg3+ 35. fxg3 Nf6 36. e4 dxe4 37. Bxe4 Nd7 38. Bf5 Nxe5 39. Bxe6+ Rxe6 40. Rxe5 Rf6 41. Qe3 Qb4 42. Rc2 Qb1 43. Rf2 Rxf2+ 44. Qxf2 Bc4 1/2-1/2

[Event "Lippe Cup 03rd"]
[Site "Lieme"]
[Date "2006.10.08"]
[Round "4"]
[White "Bolton, Stephen"]
[Black "Kroeger, Dennis Kurt"]
[Result "0-1"]
[WhiteElo "1292"]
[BlackElo "993"]
[PlyCount "42"]
[EventDate "2006.10.06"]
[EventType "swiss"]
[EventRounds "5"]
[EventCountry "GER"]
[SourceTitle "EXT 2012"]
[Source "ChessBase"]
[SourceDate "2011.11.24"]
[SourceVersion "1"]
[SourceVersionDate "2011.11.24"]
[SourceQuality "1"]

1. d4 d5 2. Nf3 Nc6 3. c3 Bf5 4. e3 Nf6 5. Nbd2 e6 6. Be2 Bd6 7. 0-0 0-0 8. Re1 e5 9. dxe5 Nxe5 10. Nxe5 Bxe5 11. Nf3 Bd6 12. Nd4 Bg6 13. h3 c6 14. Bd3 Ne4 15. Ne2 Qg5 16. f4 Qh4 17. Rf1 Bh5 18. Bxe4 dxe4 19. Qxd6 Bxe2 20. Rf2 Rad8 21. Qe5 Rd1+ 0-1

[Event "Lippe Cup 03rd"]
[Site "Lieme"]
[Date "2006.10.08"]
[Round "5"]
[White "Holtmann, Dieter"]
[Black "Bolton, Stephen"]
[Result "0-1"]
[WhiteElo "1013"]
[BlackElo "1292"]
[PlyCount "52"]
[EventDate "2006.10.06"]
[EventType "swiss"]
[EventRounds "5"]
[EventCountry "GER"]
[SourceTitle "EXT 2012"]
[Source "ChessBase"]
[SourceDate "2011.11.24"]
[SourceVersion "1"]
[SourceVersionDate "2011.11.24"]
[SourceQuality "1"]

1. e4 c5 2. Bc4 g6 3. Nf3 Nc6 4. c3 e6 5. d4 Nf6 6. d5 exd5 7. exd5 Qe7+ 8. Be3 Na5 9. Na3 a6 10. 0-0 Bg7 11. Re1 0-0 12. d6 Qd8 13. Bxc5 b6 14. Bd4 Nc6 15. Qd3 Nxd4 16. Nxd4 Bb7 17. b4 Nh5 18. Qd2 Qh4 19. Ne2 Be5 20. f4 Nxf4 21. Ng3 Qg5 22. Qf2 Bxc3 23. Re7 Bxa1 24. Rxd7 Qf6 25. Rxb7 Bd4 26. Bxf7+ Rxf7 0-1

[Event "Lippe Cup 03rd"]
[Site "Lieme"]
[Date "2006.10.07"]
[Round "2"]
[White "Rieth, Hans Helmut"]
[Black "Bolton, Stephen"]
[Result "1-0"]
[WhiteElo "1694"]
[BlackElo "1292"]
[PlyCount "103"]
[EventDate "2006.10.06"]
[EventType "swiss"]
[EventRounds "5"]
[EventCountry "GER"]
[SourceTitle "EXT 2012"]
[Source "ChessBase"]
[SourceDate "2011.11.24"]
[SourceVersion "1"]
[SourceVersionDate "2011.11.24"]
[SourceQuality "1"]

1. e4 c5 2. Nf3 g6 3. d4 cxd4 4. Nxd4 Nc6 5. Be3 Bg7 6. Nc3 Nf6 7. Bc4 0-0 8. Bb3 a5 9. a4 d5 10. exd5 Nb4 11. Nf3 e6 12. dxe6 Bxe6 13. Qxd8 Raxd8 14. Nd4 Bxb3 15. cxb3 Ng4 16. 0-0-0 Nxe3 17. fxe3 Rc8 18. Kb1 Rfe8 19. Rhe1 Bh6 20. e4 Bf4 21. g3 Be5 22. Ndb5 Nc6 23. Rd7 Re7 24. Red1 Rxd7 25. Rxd7 Rd8 26. Rxd8+ Nxd8 27. Nd5 Nc6 28. Ne3 Nd4 29. Nc4 Nxb5 30. axb5 Bc7 31. b6 Bd8 32. Kc2 Kf8 33. Kd3 Ke7 34. Kd4 Ke6 35. Kc5 Be7+ 36. Kb5 Bb4 37. g4 f6 38. h3 g5 39. Nxa5 Bxa5 40. Kxa5 Ke5 41. Kb5 Kd6 42. b4 Ke5 43. Kc5 Ke6 44. b5 Kd7 45. Kd5 Ke7 46. e5 fxe5 47. Kxe5 h6 48. b3 Kd7 49. Kf6 Kd6 50. Kg6 Ke5 51. Kxh6 Kf4 52. Kg6 1-0

[Event "Lippe Cup 03rd"]
[Site "Lieme"]
[Date "2006.10.06"]
[Round "1"]
[White "Bolton, Stephen"]
[Black "De Leroy, Babs"]
[Result "0-1"]
[WhiteElo "1292"]
[BlackElo "1652"]
[PlyCount "44"]
[EventDate "2006.10.06"]
[EventType "swiss"]
[EventRounds "5"]
[EventCountry "GER"]
[SourceTitle "EXT 2012"]
[Source "ChessBase"]
[SourceDate "2011.11.24"]
[SourceVersion "1"]
[SourceVersionDate "2011.11.24"]
[SourceQuality "1"]

1. d4 Nf6 2. Nf3 e6 3. e3 c5 4. c3 b6 5. Bd3 Ba6 6. Bc2 Qc7 7. Nbd2 d5 8. e4 dxe4 9. Nxe4 Nfd7 10. Be3 cxd4 11. Nxd4 Nc6 12. Nxc6 Qxc6 13. Qf3 Ne5 14. Nf6+ gxf6 15. Qxf6 Rd8 16. Qxe5 Qc4 17. Qh5 Bg7 18. Rd1 Bxc3+ 19. bxc3 Qxc3+ 20. Rd2 Rxd2 21. Ba4+ Rd7+ 22. Bd2 Qxd2# 0-1